Discrete dynamical systems : theory and applications

Αποθηκεύτηκε σε:
Λεπτομέρειες βιβλιογραφικής εγγραφής
Κύριος συγγραφέας: Sandefur, James T.
Μορφή: Βιβλίο
Γλώσσα:English
Δημοσίευση: Oxford [England] : New York : Clarendon Press, Oxford University Press, 1990
Θέματα:
Ετικέτες: Προσθήκη ετικέτας
Δεν υπάρχουν, Καταχωρήστε ετικέτα πρώτοι!

MARC

LEADER 00000cam a2200000 i 4500
001 1/27230
008 930902s1990 eng d
020 |a 0198533845  |c $39.95 
035 |l 10037775 
035 |a 1992  |c ΦΛΕΣΣΑΣ 
040 |a GR-MY-UA  |b gre  |e aacr 
041 0 |a eng 
082 0 |a 515.352  |2 (20) 
100 1 |a Sandefur, James T. 
245 1 0 |a Discrete dynamical systems :  |b theory and applications /  |c James T. Sandefur 
260 |a Oxford [England] :   |a New York :   |b Clarendon Press,   |b Oxford University Press,   |c 1990 
300 |a xiii, 445 p.;  |b ill.;  |c 26 cm 
504 |a Includes bibliographical references (p. [427]) and index 
650 0 0 |a Differentiable dynamical systems. 
650 0 0 |a Chaotic behavior in systems. 
852 |a INST  |b SAMOS  |e 19930902  |h 515.352 SAN  |p 005300003487  |q 005300003487  |t BK  |y 0 
909 |a Σ  |b 022343